Clause for concern (Record no. 76882)

MARC details
000 -LEADER
fixed length control field 01355cab a2200217 4500
001 - CONTROL NUMBER
control field ##L133239
008 - FIXED-LENGTH DATA ELEMENTS--GENERAL INFORMATION
fixed length control field 060424n2006 000 0 eng u
035 ## - SYSTEM CONTROL NUMBER
System control number (Sirsi) u133239
041 0# - LANGUAGE CODE
Language code of text/sound track or separate title eng
100 1# - MAIN ENTRY--PERSONAL NAME
Personal name Fox, Alisdair
245 00 - TITLE STATEMENT
Title Clause for concern
260 ## - PUBLICATION, DISTRIBUTION, ETC.
Date of publication, distribution, etc. 2006
490 #0 - SERIES STATEMENT
Series statement Journal of the Law Society of Scotland
Volume/sequential designation 51(4) April 2006, 47(1)
520 ## - SUMMARY, ETC.
Summary, etc. Considers the statutory landlord registration scheme under the Antisocial Behaviour Etc Scotland) Act 2004 to be inconsistent and confusing in its application to properties included in an agricultural tenancy. The farmer will be registered but it is difficult to understand why the owner requires to register. Suggests that it would be better if the tenant farmer registered any property to be subletted or provided under the terms of any employment contract with no further obligation being placed on the owner as a result of the farmer's actions. However as the regime is coming into force at the end of April 2006 it is too late for modifications and the interpretation of the Act's inconsistencies wil now be a matter for the courts.
590 ## - LOCAL NOTE (RLIN)
Local note IKA250406
650 24 - SUBJECT ADDED ENTRY--TOPICAL TERM
Topical term or geographic name entry element ANTISOCIAL BEHAVIOUR ETC (SCOTLAND) ACT 2004
650 24 - SUBJECT ADDED ENTRY--TOPICAL TERM
Topical term or geographic name entry element HOUSING (SCOTLAND) ACT 2006
690 ## - LOCAL SUBJECT ADDED ENTRY--TOPICAL TERM (OCLC, RLIN)
Topical term or geographic name as entry element PROPERTY-RURAL AND NATURAL ASSETS-AGRICULTURAL PROPERTY
700 1# - ADDED ENTRY--PERSONAL NAME
Personal name Alcock, Allison
942 ## - ADDED ENTRY ELEMENTS (KOHA)
Suppress in OPAC 0
Holdings
Withdrawn status Lost status Source of classification or shelving scheme Damaged status Not for loan Home library Current library Shelving location Date acquired Total Checkouts Full call number Barcode Date last seen Copy number Price effective from Koha item type
    Dewey Decimal Classification     London London Journal article 24/04/2006   L133239 133239-1001 06/08/2019 1 06/08/2019 Journal article